000 00488nam a2200181Ia 4500
005 20250507125755.0
008 008 250505s9999 xx 000 0 kor d
020 _a8809104052692
037 _aAudio
040 _aEASL
_beng
_cEASL
041 _akor
_2eng
084 _aCD00017
_qEASL
245 0 _aManheang’Gudojae gil’=loud Path’the way of wandering monks’
365 _aW
_b13200
650 _aKorean
942 _cAUD
_hCD00017
999 _c1313000
_d1313000